| 000 | 06189 a2200649 4500 | ||
|---|---|---|---|
| 005 | 20080903102647.0 | ||
| 008 | 080827t xxu||||| |||| 00| 0 eng d | ||
| 010 | _aB-275212-243 | ||
| 020 |
_a8180546187 _c275.00 |
||
| 035 | _aB-275212-243 | ||
| 040 |
_adpl _bEnglish |
||
| 082 | _a336.54 | ||
| 100 | _aVarshney, P.N. | ||
| 245 |
_aIndian financial system / _cby P.N. Varshney [and] D.K. Mittal |
||
| 250 | _a8th rev. ed | ||
| 260 |
_aNew Delhi _bSultan Chand & Sons _c2007(repr.) |
||
| 270 |
_a23, Darya Ganj, _bNew Delhi _e110 002 |
||
| 300 |
_aVarious pagings _c25cm (pbk ) |
||
| 500 | _aIncludes index | ||
| 700 | _aMittal, D.K. | ||
| 942 |
_adpl _cEN _2ddc _h336.54 _mVAR |
||
| 999 |
_c15152 _d15152 |
||